Die teuersten Transfers der Fußballgeschichte - Sudden Death - Statistiken

Allgemein
  • Dieses Quiz wurde 2.885 mal gespielt
    1.246 seit der letzten Aktualisierung
  • Das Durchschnittsergebnis liegt bei 6 aus 17
Answers on the Grid
Answers color-coded by a green-red scale on the quiz's grid according to % correct below.
Neymar
FC Barcelona → Paris SG
Kylian Mbappé
AS Monaco → Paris SG
Philippe Coutinho
FC Liverpool → FC Barcelona
Ousmane Dembélé
Borussia Dortmund → FC Barcelona
João Félix
Benfica → Atlético Madrid
Florian Wirtz
Bayer 04 Leverkusen → Liverpool FC
Enzo Fernández
Benfica → FC Chelsea
Eden Hazard
FC Chelsea → Real Madrid
Antoine Griezmann
Atlético Madrid → FC Barcelona
Jack Grealish
Aston Villa → Manchester City
Cristiano Ronaldo
Real Madrid → Juventus Turin
Declan Rice
West Ham United→ FC Arsenal
Moisés Caicedo
Brighton → FC Chelsea
Jude Bellingham
Borussia Dortmund → Real Madrid
Romelu Lukaku
Inter Mailand → FC Chelsea
Paul Pogba
Juventus Turin → Manchester United
Gareth Bale
Tottenham → Real Madrid
Harry Kane
Tottenham →Bayern München
Randal Kolo Muani
Eintracht Frankfurt → Paris SG
Antony
Ajax Amsterdam → Manchester United
Cristiano Ronaldo
Manchester United → Real Madrid
Josko Gvardiol
RB Leipzig → Manchester City
Neymar
Paris SG → Al-Hilal
Gonzalo Higuaín
Napoli → Juventus Turin
Neymar
FC Santos → FC Barcelona
Harry Maguire
Leicester City → Manchester United
Frenkie de Jong
Ajax Amsterdam → FC Barcelona
Matthijs de Ligt
Ajax Amsterdam → Juventus Turin
Darwin Núñez
Benfica → FC Liverpool
Jadon Sancho
Borussia Dortmund → Manchester United
 
Antwortstatistiken
Antwort % Korrekt
Neymar
FC Barcelona → Paris SG
58%
Florian Wirtz
Bayer 04 Leverkusen → Liverpool FC
54%
Kylian Mbappé
AS Monaco → Paris SG
47%
Ousmane Dembélé
Borussia Dortmund → FC Barcelona
46%
Eden Hazard
FC Chelsea → Real Madrid
42%
Philippe Coutinho
FC Liverpool → FC Barcelona
42%
Jude Bellingham
Borussia Dortmund → Real Madrid
41%
Enzo Fernández
Benfica → FC Chelsea
38%
Jack Grealish
Aston Villa → Manchester City
36%
João Félix
Benfica → Atlético Madrid
36%
Paul Pogba
Juventus Turin → Manchester United
34%
Antoine Griezmann
Atlético Madrid → FC Barcelona
33%
Moisés Caicedo
Brighton → FC Chelsea
32%
Cristiano Ronaldo
Real Madrid → Juventus Turin
29%
Declan Rice
West Ham United→ FC Arsenal
29%
Gareth Bale
Tottenham → Real Madrid
27%
Romelu Lukaku
Inter Mailand → FC Chelsea
21%
Keine übereinstimmenden Quizze gefunden
Verteilung der Resultate
Anzahl Personen mit jedem Resultat
Perzentil nach korrekt beantworteten Fragen
Ihre Resultats-Entwicklung
Sie haben dieses Quiz seit der letzten Aktualisierung nicht gespielt